000 00535nam a2200205Ia 4500
005 20250508165006.0
008 008 250505s9999 xx 000 0 eng d
020 _a81-88965-28-6
037 _aTextual
040 _aFEDL
_beng
_cFEDL
041 _aeng
_2eng
084 _a823, BAM
_qFEDL
100 _aBama
245 0 _aHarum-scarum saar and other stories
260 _aNew Delhi, India
_bWomen Unlimited
_c2006
300 _a105p
365 _aINR
_b150
942 _cTEXL
_h823, BAM
999 _c1392530
_d1392530